000 00935nam a2200301 a 4500
001 000110996
003 CHAP
005 20220329144154.0
008 141114s1972 xxua |r| |||1|||spa d
010 _a107458
011 _a108430
040 _cCHAP
082 0 4 _a140.93
_bG28
100 1 _aGay, Peter
_9128777
245 1 3 _aLa edad de las luces /
_cpor Peter Gay.
260 _aE.U.A. :
_bTIME-LIFE International,
_cc1972.
300 _a192 p. :
_bil.
490 1 _aLas grandes épocas de la humanidad
_pHistoria de las culturas mundiales
590 _aE11695DGD
_b10
_c20141122
_lUCH01
_h1202
590 _aE6096MTM
_b05
_c20141114
_lUCH01
_h0956
590 _aE6096MTM
_b05
_c20141114
_lUCH01
_h1103
650 1 4 _aCivilización moderna.
_923570
650 1 4 _aIlustración.
_957444
830 4 _aLas grandes épocas de la humanidad
_pHistoria de las culturas mundiales
_9128751
901 _aBK
942 _cLIBRO
942 _n0
999 _c107458
_d107458